000 01040cam a2200325 4500
001
008 000000n2001 000 0 eng u
020 _a1857213289
035 _a(Sirsi) u112698
050 _a332.6324
100 _aMaxted, Bill
110 _aDe Montfort University
_92410
245 4 _aThe UK commercial property lending report 2000
260 _aLeicester
_bDe Montfort University
_c2001
300 _a2v.
_c30cm.
350 _a95.00
490 _aDe Montfort University UK Commercial Property Lending Market
_v2000
520 _aPublished in two parts - Research findings and Technical supplement : analysis of lending terms.
650 _aPROPERTY MARKET
650 _aLENDING
650 _aPROPERTY INVESTMENT
650 _aBANKS
650 _aBUILDING SOCIETIES
650 _aINTEREST RATE MARGINS
650 _aLOAN TO VALUE RATIOS
650 _aPROPERTY FINANCE
690 _aPROPERTY-COMMERCIAL PROPERTY-COMMERCIAL PROPERTY FINANCE AND INVESTMENT
700 _aHancock, Mike
942 _n0
999 _c101462
_d101462